header

Detecting fraud in organizations (Record no. 73853)

MARC details
000 -LEADER
fixed length control field 01395nam a2200361 a 4500
082 04 - DEWEY DECIMAL CLASSIFICATION NUMBER
Classification number 658.4/73
100 1# - MAIN ENTRY--AUTHOR NAME
Personal name Petrucelli, Joseph R.,
245 10 - TITLE STATEMENT
Title Detecting fraud in organizations
260 ## - PUBLICATION, DISTRIBUTION, ETC. (IMPRINT)
Place of publication Hoboken, N.J. :
Name of publisher Wiley,
Year of publication c2012.
300 ## - PHYSICAL DESCRIPTION
Number of Pages xiii, 362 p.
490 1# - SERIES STATEMENT
Series statement Wiley corporate F&A series
650 #0 - SUBJECT ADDED ENTRY--TOPICAL TERM
Topical Term Commercial crimes
Topical Term Corporations
Topical Term Fraud investigation.
856 40 - ELECTRONIC LOCATION AND ACCESS
Uniform Resource Identifier http://site.ebrary.com/lib/rucke/Doc?id=10650991

No items available.

© 2026 Rongo University
Contact us: librarian | system librarian | Rongo university